Téka. Valahol Európában, európaiként. [Esterházy Péter: Az elefántcsontoronyból. Magvető, Bp., 1991]
Elmentve itt :
| Szerző: | |
|---|---|
| Adatforrás: | Meister |
| Forrásdokumentuma: | Korunk. - 9 sz., 1991, 1173-1175 p. |
| Nyelv: | magyar |
| Kulcsszavak: | politikai publicisztika-recenzió Magyarország ESTERHÁZY Péter |
| LEADER | 00499nab a2200145 i 4500 | ||
|---|---|---|---|
| 001 | bibPRO00002004 | ||
| 008 | 060524s1991 xx hun | ||
| 040 | |a Sz1 | ||
| 041 | |a hun | ||
| 100 | 1 | |a KOVÁCS KISS Gyöngy | |
| 245 | 1 | 0 | |a Téka. Valahol Európában, európaiként. [Esterházy Péter: Az elefántcsontoronyból. Magvető, Bp., 1991] |c KOVÁCS KISS Gyöngy |
| 695 | |a politikai publicisztika-recenzió | ||
| 695 | |a Magyarország | ||
| 695 | |a ESTERHÁZY Péter | ||
| 773 | 0 | |t Korunk. - |g 9 sz., 1991, 1173-1175 p. | |